| 000 | 00815nam a2200229 a 4500 | ||
|---|---|---|---|
| 001 | 000025204 | ||
| 005 | 20240410073846.0 | ||
| 008 | 110211s2000 dr a 000 0 spa d | ||
| 020 | _z83400 | ||
| 040 |
_aDO-SdBNP _bspa _cBNPHU |
||
| 082 |
_a972.73 _bC343p |
||
| 100 | 1 |
_aCassá, Roberto, _d1948- _910888 |
|
| 245 | 1 | 0 |
_aPedro Santana : _bautócrata y anexionista / _cRoberto Cassá ; ilustraciones Ramiro Manzano. |
| 260 |
_aSanto Domingo : _bTobogan, _c2000. _fAlfa y Omega |
||
| 300 |
_a57p. : _bil. ; _c21 cm. |
||
| 504 | _aBibliografía : p. 57 | ||
| 590 | _aInventariado, 2018/ YL | ||
| 600 | 0 |
_aSantana, Pedro. _d1801-1864 _96546 |
|
| 650 | 4 |
_aPresidentes _zRepública Dominicana _xBiografía _951682 |
|
| 651 | 0 |
_aRepública Dominicana -- _xHistoria -- _y1844-1930 _91009 |
|
| 700 | 1 |
_aManzano, Ramiro, _eil. _9768 |
|
| 999 |
_c24697 _d24697 |
||